000 00448nmm a2200145Ia 4500
008 251105s9999||||xx |||||||||||||||||und||
041 _aspa
100 _aBoria Julián, Beatriz
245 0 _aEl reino de la fantasía
264 _a[Madrid, España] :
_bLiber Factory,
_c[Fecha de publicación no identificada]
300 _a0 páginas
650 _aAges 6-8 Years Old
856 _uhttps://public.digitaliapublishing.com/a/87870
942 _cCF
999 _c103507
_d103507